Tennis - Le top 20 du classement ATP au 1er janvier 2014 - Statistiques

Statistiques générales
  • Ce quiz a été pris 31 fois
  • Le résultat moyen est 15 sur 20
Statistiques - réponses
Rang Joueur Pays Âge Points % Correct
2 Novak Djokovic Serbie 26 12 260
100%
1 Rafael Nadal Espagne 27 13 030
100%
6 Roger Federer Suisse 32 4 205
100%
4 Andy Murray Royaume-Uni 26 5 790
97%
10 Jo-Wilfried Tsonga France 28 3 065
97%
8 Stan Wawrinka Suisse 28 3 730
97%
3 David Ferrer Espagne 31 5 800
93%
5 Juan Martin Del Potro Argentine 25 5 255
93%
9 Richard Gasquet France 27 3 300
93%
14 John Isner États-Unis 28 2 150
86%
19 Gilles Simon France 29 1 790
83%
17 Kei Nishikori Japon 24 1 915
83%
11 Milos Raonic Canada 23 2 860
79%
7 Tomas Berdych Tchéquie 28 4 180
79%
20 Kevin Anderson Afrique du Sud 27 1 685
72%
16 Fabio Fognini Italie 26 1 930
59%
13 Nicolas Almagro Espagne 28 2 290
24%
18 Tommy Robredo Espagne 31 1 810
24%
12 Tommy Haas Allemagne 35 2 435
17%
15 Mikhail Youzhny Russie 31 2 145
10%
Aucun quiz correspondant
Distribution des résultats
% des personnes avec chaque résultat
Percentile par nombre de réponses
Votre historique - résultats
Vous n’avez pas pris ce quiz